| 000 | 01078nam0a22002411 4500 | ||
|---|---|---|---|
| 001 | rc\2743736 | ||
| 005 | 20250529142219.0 | ||
| 035 | _a(NLR Aleph) 006870845 | ||
| 090 |
_a6945640 _c6945640 |
||
| 100 | _a20110915d1939 |||y0rusy50 ca | ||
| 101 | 0 | _arus | |
| 102 | _aRU | ||
| 105 | _aa z ||||| | ||
| 200 | 1 |
_aТопливная аппаратура трактора "Сталинец-65" ЧТЗ _eРуководство по монтажу, ремонту и регулировке топлив. аппаратуры _fИнж.-мех. А. И. Селиванов _gВсес. н.-и. ин-т механизации и электрификации сел. хоз-ва "ВИМЭ" |
|
| 210 |
_aМосква _cСельхозгиз _d1939 |
||
| 215 |
_a256 с. _cил., черт. _d22 см. |
||
| 700 | 1 |
_7ca _8rus _aСеливанов _bА. И. _cд-р техн. наук _f1908-1976 _gАлександр Иванович _9167659 _3RU\NLR\AUTH\770167706 |
|
| 801 | 0 |
_aRU _bNLR _gpsbo |
|
| 801 | 1 |
_aRU _bELAR _2rusmarc |
|
| 852 |
_aNLR _j39-4/366 |
||
| 942 | _cBOOK | ||
| 980 | _aNB | ||